000 00240nam a2200097Ia 4500
005 20251222114403.0
008 251222s1900||||xx |||||||||||||| ||spa||
082 _aDVD0040/L91/T.5
245 0 _aLost: La primera temporada completa:
942 _cDVD
999 _c1735
_d1735